| 000 | 01845nam a22004937a 4500 | ||
|---|---|---|---|
| 001 | 60 | ||
| 003 | FISKH | ||
| 005 | 20230221090630.0 | ||
| 008 | 230221b cb ||||| |||| 00| 0 eng d | ||
| 010 | _a 2021289190 | ||
| 020 |
_a9780593110409 _q(board book) |
||
| 020 |
_a0593110404 _q(board book) |
||
| 035 | _a(OCoLC)on1191225641 | ||
| 040 |
_aHHO _beng _cHHO _erda _dSDG _dOCLCF _dDLC |
||
| 042 |
_alccopycat _alcac |
||
| 050 | 0 | 0 |
_aPZ8.3.D7235 _bRo 2020 |
| 082 | 0 | 0 |
_a823.92 _223 |
| 100 | 1 |
_aDonaldson, Julia, _eauthor. |
|
| 245 | 1 | 0 |
_aRoom on the broom / _cbased on the picture book by Julia Donaldson and Axel Scheffler. |
| 264 | 1 |
_aNew York : _bDial Books for Young Readers, _c[2020] |
|
| 300 |
_a1 volume (unpaged) : _bchiefly color illustrations ; _c18 x 18 cm |
||
| 336 |
_atext _btxt _2rdacontent |
||
| 336 |
_astill image _bsti _2rdacontent |
||
| 337 |
_aunmediated _bn _2rdamedia |
||
| 338 |
_avolume _bnc _2rdacarrier |
||
| 500 | _a"A push, pull, and slide book."--cover | ||
| 500 | _aOriginally published in 2020 by Macmillan Children's Books, United Kingdom. | ||
| 520 | _aA witch finds room on her broom for all the animals that ask for a ride, and they repay her kindness by rescuing her from a dragon. Pull-tabs cause panel to slide, revealing different illustrations | ||
| 521 | 8 |
_a600 _bAD L Lexile |
|
| 521 | 8 |
_aK _bRaz-Plus |
|
| 650 | 0 |
_aToy and movable books _vSpecimens |
|
| 650 | 0 | _aBoard books. | |
| 650 | 1 | _aStories in rhyme. | |
| 650 | 1 |
_aWitches _vFiction. |
|
| 650 | 1 |
_aAnimals _vFiction. |
|
| 650 | 1 |
_aDragons _vFiction. |
|
| 650 | 1 |
_aToy and movable books _vSpecimens |
|
| 650 | 1 | _aBoard books. | |
| 655 | 7 |
_aToy and movable books. _2lcgft |
|
| 655 | 7 |
_aPicture books. _2lcgft |
|
| 700 | 1 |
_aScheffler, Axel, _eillustrator. |
|
| 906 |
_a7 _bcbc _ccopycat _d2 _encip _f20 _gy-gencatlg |
||
| 942 |
_2ddc _cBK _n0 |
||
| 999 |
_c60 _d60 |
||